Mechanical properties of the composite material based on modified scrap tires and polymer bindes (Record no. 62733)

MARC details
000 -LEADER
fixed length control field 01562nam a2200193Ia 4500
100 ## - MAIN ENTRY--AUTHOR NAME
Personal name Plesuma R
245 #0 - TITLE STATEMENT
Title Mechanical properties of the composite material based on modified scrap tires and polymer bindes
260 ## - PUBLICATION, DISTRIBUTION, ETC. (IMPRINT)
Name of publisher Progress in Rubber, Plastics and Recycling Technology
Year of publication 2013
300 ## - PHYSICAL DESCRIPTION
Number of Pages 177-187
520 ## - SUMMARY, ETC.
Summary, etc The present work focuses on the investigation of the mechanical properties of the composite material composed of preliminary modified rubber crumb and a polymer blinder. Themodification of rubber crumb was realized by means of treatment with water or sulphuric acid, in order to change the degree of polymer crosslinking or to intensity adhesion interaction between rubber particles and polymer blinder. The Shore C hardness, compressive stress at 10;deformation and compression modulus of elasticity, ultimate tensile strength and elongation at break of compositematerial, in correlation with its composition and adhesion between rubber and polymer blinder were investigated. Obtained results show possibility of attaining significant changes in the mechanical properties of composite material by selected rubber crumb treatment methods, in correlation with the composite material composition. This gives additional opportunity for meaningful improvement of composite material production technology.
650 ## - SUBJECT ADDED ENTRY--TOPICAL TERM
Topical Term Mechanical properties
650 ## - SUBJECT ADDED ENTRY--TOPICAL TERM
Topical Term Polymer blends
650 ## - SUBJECT ADDED ENTRY--TOPICAL TERM
Topical Term Scrap tires
700 ## - ADDED ENTRY--PERSONAL NAME
Personal name Malers L
700 ## - ADDED ENTRY--PERSONAL NAME
Personal name Mateusa-Krukle I
700 ## - ADDED ENTRY--PERSONAL NAME
Personal name Megne A
942 ## - ADDED ENTRY ELEMENTS (KOHA)
Koha item type Journals
Holdings
Withdrawn status Lost status Damaged status Not for loan Home library Current library Shelving location Date acquired Serial Enumeration / chronology Koha item type
      Journals RRII Library RRII Library Rubber technology 16/08/2013 Volume 29, Issue 3 Journals